Statistics for U.S.A Top Fizzy Drinks

Click here to take the quiz!

General Stats

  • This quiz has been taken 37 times
  • The average score is 7 of 10

Answer Stats

HintAnswer% Correct
1.Coca-Cola
96%
3.Pepsi
88%
5.Dr Pepper
84%
6.Sprite
76%
7.Diet Pepsi
72%
2.Diet Coke
68%
4.Mountain Dew
68%
10Fanta
64%
9.Diet Dr Pepper
36%
8.Diet Mountain Dew
28%

Score Distribution

Percentile by Number Answered

Percent of People with Each Score

Your Score History

You have not taken this quiz